| 000 | 00683na a2200241 4500 | ||
|---|---|---|---|
| 001 | 21220 | ||
| 003 | MIRAKIL | ||
| 005 | 20181213154939.0 | ||
| 008 | 170202b tu 000 0 | ||
| 035 | _a21149 | ||
| 040 |
_aMilas _btur _cTR-AnCHP |
||
| 041 | _atur | ||
| 082 |
_a324.236 _bD63i [t.y.] |
||
| 090 | _a324.236 D63i [t.y.] | ||
| 110 | _aDoğru Yol Partisi (DYP) | ||
| 245 |
_aII. Demokrasi programı _b(özet metin) _cDYP |
||
| 260 |
_aAnkara _bDYP _c[t.y.] |
||
| 300 |
_a24 s. _c30 sm. |
||
| 610 |
_aDoğru Yol Partisi (DYP) _xProgramlar |
||
| 650 |
_aSiyasal partiler _xParti türleri _yLiberal partiler _zTürkiye |
||
| 710 | _aDoğru Yol Partisi | ||
| 942 |
_2ddc _cBKS |
||
| 999 |
_c3673 _d3673 |
||